Proyectos Ambientales Escolares Experiencias significativas en la jurisdicción CAR : (Registro nro. 8838)
[ vista simple ]
| 000 -CABECERA | |
|---|---|
| Campo de control | 00909nam a22002297a 4500 |
| 005 - FECHA Y HORA DE LA ULTIMA TRANSACCION | |
| Campo de control | 20200104041630.0 |
| 008 - ELEMENTOS DE LONGITUD FIJA—INFORMACION GENERAL | |
| Campo de control | 141127b2009 ck ||||| |||| 00| 0 spa d |
| 020 ## - ISBN | |
| ISBN | 9789589878033 |
| 040 ## - FUENTE DE CATALOGACIÓN | |
| Agencia transcriptora | CO-BoIH |
| 041 ## - IDIOMA | |
| Código de idioma para texto/pista de sonido o título separado | Español |
| 044 ## - PAÍS DE PUBLICACIÓN | |
| País de publicación | Colombia |
| 090 ## - CLASIFICACIÓN LOCAL | |
| Colección | EA |
| Consecutivo | 00170 |
| 110 1# - ASIENTO PRINCIPAL--NOMBRE CORPORATIVO | |
| Nombre corporativo o de jurisdicción como elemento de entrada | Colombia |
| Unidad subordinad | Corporación Autónoma Regional de Cundinamarca-CAR |
| 245 ## - MENCION DE TITULO | |
| Título | Proyectos Ambientales Escolares Experiencias significativas en la jurisdicción CAR : |
| Parte restante del título | A través de los PRAES se construye cultura ambiental en el territorio CAR |
| 260 ## - PUBLICACION, DISTRIBUCION, ETC. (PIE DE IMPRENTA) | |
| Lugar de publicación, distribución, etc. | Bogotá D.C : |
| Nombre del editor, distribuidor, etc. | Corporación Autónoma Regional de Cundinamarca-CAR, |
| -- | Asociación Ambiental Nueva Era-ASOAN, |
| Fecha de publicación, distribución, etc. | 2009 |
| 300 ## - DESCRIPCION FISICA | |
| Extensión | 72 pag. |
| Otros detalles físicos | Fot. |
| Dimensiones | 26 cm. |
| 650 #4 - ASIENTO SECUNDARIO DE MATERIA - TERMINO TEMATICO | |
| Término temático o nombre geográfico como elemento de entrada | Educación Ambiental |
| 650 #4 - ASIENTO SECUNDARIO DE MATERIA - TERMINO TEMATICO | |
| Término temático o nombre geográfico como elemento de entrada | Medio Ambiente |
| 650 #6 - ASIENTO SECUNDARIO DE MATERIA - TERMINO TEMATICO | |
| Término temático o nombre geográfico como elemento de entrada | Elaboración de Proyectos |
| Subdivisión general | Metodología |
| 650 ## - ASIENTO SECUNDARIO DE MATERIA - TERMINO TEMATICO | |
| Término temático o nombre geográfico como elemento de entrada | Protección del Medio Ambiente |
| 942 ## - ELEMENTOS ADICIONALES (KOHA) | |
| Sistema de clasificación | Local |
| Tipo de ítem | Libro |
| Withdrawn status | Lost status | Sistema de Clasificación | Damaged status | No para préstamo | Colección | Inventariado | Ubicación Permanente | Ubicación actual | Fecha de adquisición | Fuente de Valor | Valor | Total Checkouts | Número topográfico | Inventario / Código de Barras | Date last seen | Ejemplar | Price effective from | Forma de adquisición | Tipo de material |
|---|---|---|---|---|---|---|---|---|---|---|---|---|---|---|---|---|---|---|---|
| Local | Educación Ambiental | Inventariado 2017 | Sala Fabio Quevedo | Sala Fabio Quevedo | 27/11/2014 | Instituto | 39000.00 | EA-00170 | 034827 | 27/11/2014 | Ej . 1 | 27/11/2014 | Libro |